Picture Click Quiz - Harry Potter Match Characters to Pets - Statistics

General Stats
  • This quiz has been taken 76 times
  • The average score is 9 of 10
Answer Stats
Hint Answer % Correct
Harry Potter
Pleakly
100%
Albus Dumbledore
Ray
100%
Voldemort
Pascal
100%
Rubeus Hagrid
Merryweather
93%
Ron Weasley
Maximus
93%
Neville Longbottom
Meeko
91%
Ginny Weasley
Fauna
91%
Hermione Granger
Flit
91%
Argus Filch
Eeyore
89%
Horace Slughorn
Sleepy
80%
No matching quizzes found
Score Distribution
Percent of People with Each Score
Percentile by Number Answered
Your Score History
You have not taken this quiz